Constant Enrichment of the Mental Lexicon with New Lexis

Získavanie nových lexikov a ich ukladanie do mentálneho lexikónu.

Salvato in:
Dettagli Bibliografici
Autore principale: Hrdličková, Zuzana
Natura: Capitolo di libro
Lingua:inglese
Soggetti:
Tags: Aggiungi Tag
Nessun Tag, puoi essere il primo ad aggiungerne!!

MARC

LEADER 00000naa a2200000 4500
001 0236774
005 20240502083632.8
041 0 |a eng 
044 |a CZ 
245 1 0 |a Constant Enrichment of the Mental Lexicon with New Lexis  |c Zuzana Hrdličková 
520 |a Získavanie nových lexikov a ich ukladanie do mentálneho lexikónu. 
610 2 0 |a zásoba slovná 
610 2 0 |a lexikológia 
610 2 0 |a jazyky cudzie 
100 1 |a Hrdličková, Zuzana